000 00331nam a2200145Ia 4500
003 OSt
005 20231220063548.0
008 170617s9999 xx 000 0 und d
020 _a8185790116
040 _cIIMT UNIVERSITY
100 _aKulkarni-V.M/Bothare
245 0 _aDrug Design
260 _bMercel Dekker
942 _2ddc
_c01
999 _c14826
_d14826